Elementos de patología quirúrgica general : (Record no. 163462)

MARC details
000 -LEADER
campo de control de longitud fija 00819nam a2200205 i 4500
001 - NÚMERO DE CONTROL
campo de control 163462
003 - IDENTIFICADOR DE NÚMERO DE CONTROL
campo de control ES-MaACL
005 - FECHA Y HORA DE LA ÚLTIMA TRANSACCIÓN
campo de control 20230906212738.0
008 - DATOS DE LONGITUD FIJA--INFORMACIÓN GENERAL
campo de control de longitud fija 021119s1900 sp |||| | spa d
080 ## - NÚMERO DE LA CLASIFICACIÓN DECIMAL UNIVERSAL
Número de la Clasificación Decimal Universal 617
100 1# - ENTRADA PRINCIPAL--NOMBRE DE PERSONA
Nombre de persona Ribera y Sans, José,
Fechas asociadas al nombre 1852-1912
9 (RLIN) 131774
245 10 - MENCIÓN DEL TÍTULO
Título Elementos de patología quirúrgica general :
Resto del título lecciones dadas en la Facultad de Medicina de Madrid /
Mención de responsabilidad, etc. por el doctor D. José Ribera y Sans.
260 ## - PUBLICACIÓN, DISTRIBUCIÓN, ETC.
Lugar de publicación, distribución, etc. Madrid :
Nombre del editor, distribuidor, etc. Imp. y Librería de Nicolás Moya,
Fecha de publicación, distribución, etc. 1900.
300 ## - DESCRIPCIÓN FÍSICA
Extensión 2 v. (VI, 719 ; 904 p.) ;
Dimensiones 24 cm.
530 ## - NOTA DISPONIBLE DE FORMULARIO FÍSICO ADICIONAL
Nota de formato físico adicional disponible Disponible en formato digital.
650 #4 - PUNTO DE ACCESO ADICIONAL DE MATERIA--TÉRMINO DE MATERIA
Término de materia o nombre geográfico como elemento de entrada Patología quirúrgica.
9 (RLIN) 136666
852 ## - LOCALIZACIÓN
Ubicación ES-MaACL
Número de control de estantería B-11181-82
Nota libre - Enc. hol.
856 ## - LOCALIZACIÓN Y ACCESO ELECTRÓNICOS
Identificador Uniforme de Recursos <a href="http://bdh-rd.bne.es/viewer.vm?id=0000134139&page=1 ">http://bdh-rd.bne.es/viewer.vm?id=0000134139&page=1 </a>
Nota pública Biblioteca Digital Hispánica
Holdings
Estatus retirado Estado de pérdida Estado de daño No para préstamo Colección Biblioteca de origen Biblioteca actual Ubicación en estantería Fecha de adquisición Total de préstamos Signatura topográfica completa Código de barras Visto por última vez Precio de reemplazo Tipo de ítem Koha
        Colección digital Biblioteca del Ateneo de Madrid Biblioteca del Ateneo de Madrid Sala Pardo Bazán 17/01/2008   B-11181-82 1171293 23/02/2023 23/02/2023 Libro impreso antiguo